000 00348 a2200157 4500
001 74240
020 _a857429015-7
040 _cAnchieta - Colégio São Paulo
100 _aCarvalho, Maria Inez
240 1 0 _aFim de século
_lpor
245 1 0 _aFim de século
300 _a163
362 0 _a2004
650 4 _aGeografia e viagens
942 _cBK
999 _c74240
_d74240